Derechos, privacin̤ y discapacidad

Detalles Bibliográficos
Autor principal: ℓlvarez Lp̤ez, Atziri Yanet
Formato: eBook
Lenguaje:español
Publicado: Bogot:̀ Editorial Acadm̌ica Espaǫla, 2019
Materias:
Acceso en línea:Acceso restringido

MARC

LEADER 00000nam a22000007a 4500
005 20191009224819.0
007 cr|||| ||||
008 191009s2019 co |||||s|||| 00||0 spa d
020 |a 9786139468737 
035 |a 29761 
040 |a vLex 
090 |c 9768  |d 9768 
100 1 |a ℓlvarez Lp̤ez, Atziri Yanet 
245 1 0 |a Derechos, privacin̤ y discapacidad  |h [Recurso electrn̤ico] /  |c Atziri Yanet ℓlvarez Lp̤ez 
256 |a Servicio en ln̕ea 
260 |a Bogot:̀  |b Editorial Acadm̌ica Espaǫla,  |c 2019 
300 |a 1 recurso electrn̤ico 
500 |a A lo largo del tiempo, hemos podido ver como las personas con algn︢ tipo de discapacidad ha ido en aumento en la sociedad, cuanto mas tratǹdose en aquellas personas que estǹ privadas de la libertad, quedando muchas veces en el olvido. Son personas que se encuentran vulnerables al estar en un centro penitenciario, contando en ciertos lugares con poco apoyo y material para su recuperacin̤. Con lo que con este escrito se pretende comparar la legislacin̤ y doctrina que tiene el pas̕ de Colombia, Espaą y Mx̌ico, con la finalidad de poder aportar aspectos positivos a la legislacin̤ de cada pas̕, as ̕como su mejoramiento. 
506 1 |a Disponible solo en los productos indicados  |d vLex Global  |d vLex Global (Academic Edition, excluding Law Schools)  |d vLex Global (U.S. Academic Edition, Law Schools)  |d vLex Global (U.S. Academic Edition, excluding Law Schools)  |d vLex Global (Academic Edition, Law Schools) 
650 0 4 |a Derecho Pb︢lico y Administrativo  |z Colombia 
740 0 |a vLex Libros (Servicio en ln̕ea) 
856 4 0 |u http://vlex.com/source/29761  |z Acceso restringido 
942 |c BOOK 
999 0 |a Public and Administrative Law